Classifica Marcatori Bundesliga 2010-2011 - Statistics

Statistiche generali
  • Questo quiz è stato fatto 9 volte
  • Il punteggio medio è 4 su 17
Statistiche sulle risposte
Gol Nazione Squadra Calciatore % Corretto
28 Germania Bayern Monaco Mario Gómez
67%
12 Germania Bayern Monaco Thomas Müller
56%
13 Spagna Schalke 04 Raúl
44%
12 Paesi Bassi Bayern Monaco Arjen Robben
33%
13 Germania Colonia Lukas Podolski
33%
16 Paraguay Borussia Dortmund Lucas Barrios
22%
10 Germania Borussia M'gladbach Marco Reus
22%
14 Germania Magonza André Schürrle
11%
10 Cile Bayer Leverkusen Arturo Vidal
11%
14 Costa d'Avorio Hannover 96 Didier Ya Konan
11%
17 Slovenia Colonia Milivoje Novakovič
11%
11 Croazia Amburgo Mladen Petrić
11%
22 Senegal Friburgo Papiss Cissé
11%
16 Croazia Kaiserslautern Srđan Lakić
11%
10 Bosnia ed Erzegovina Wolfsburg Edin Dzeco
0%
10 Norvegia Hannover 96 Mohammed Abdellaoue
0%
16 Grecia E. Francoforte Theofanīs Gkekas
0%
Nessun quiz corrispondente trovato
Distribuzione punteggi
Percentuale di utenti per punteggio
Percentile per numero di risposta
I tuoi punteggi nel tempo
Non hai fatto questo quiz